Znalostná ekonomika a jej makroekonomické súvislosti
Príspevok sa venuje problematike znalostnej ekonomiky v podmienkach globalizácie. V úvodnej časti sa identifikuje vplyv globálnej finančnej krízy na poznatkovú platformu ekonomickej teórie. Prezentácia rôznych teoretických prístupov k znalostnej ekonomike. Postavenie univerzitného vzdelávania, výsku...
Enregistré dans:
| Auteur principal: | |
|---|---|
| Format: | Chapitre de livre |
| Langue: | slovaque |
| Sujets: | |
| Tags: |
Pas de tags, Soyez le premier à ajouter un tag!
|
MARC
| LEADER | 00000nla$a2200000$$$4500 | ||
|---|---|---|---|
| 001 | 0123697 | ||
| 005 | 20240502072408.9 | ||
| 041 | 0 | |a slo | |
| 044 | |a SK | ||
| 245 | 1 | 0 | |a Znalostná ekonomika a jej makroekonomické súvislosti |c Eva Muchová |
| 520 | |a Príspevok sa venuje problematike znalostnej ekonomiky v podmienkach globalizácie. V úvodnej časti sa identifikuje vplyv globálnej finančnej krízy na poznatkovú platformu ekonomickej teórie. Prezentácia rôznych teoretických prístupov k znalostnej ekonomike. Postavenie univerzitného vzdelávania, výskumu a inovácií ako základných faktorov podmieňujúcich dlhodobý udržateľný rozvoj a konkurencieschopnosť krajín. | ||
| 610 | 2 | 0 | |a ekonomika vedomostná |
| 610 | 2 | 0 | |a globalizácia |
| 610 | 2 | 0 | |a vzdelávanie vysokoškolské |
| 610 | 2 | 0 | |a veda |
| 610 | 2 | 0 | |a inovácia |
| 610 | 2 | 0 | |a teórie ekonomické |
| 100 | 1 | |a Muchová, Eva, 1961- | |